000 00210 a2200097 4500
001 20146
100 _aMorris
245 _aObjectives & perspectives
260 _a
_bRoutledge & Kegan
_c
090 _c14740
_d14740
942 _aNUST-CAE
_cM
_c5270
999 _c255219
_d255219